[Event "COL-ch visually impaired 2nd"]
[Site "Cali"]
[Date "2008.10.28"]
[Round "7.14"]
[White "Galvez, Norberto"]
[Black "Salazar, Gustavo Alberto"]
[Result "1-0"]
[WhiteElo "1603"]
[BlackElo "1600"]
[PlyCount "59"]
[EventDate "2008.10.25"]
[EventType "swiss"]
[EventRounds "7"]
[EventCountry "COL"]
[SourceTitle "EXT 2024"]
[Source "ChessBase"]
[SourceDate "2023.10.10"]
[SourceVersion "1"]
[SourceVersionDate "2023.10.10"]
[SourceQuality "1"]

1. e4 e5 2. Bc4 c5 3. Nf3 d6 4. h3 Nh6 5. Nc3 Nc6 6. d3 Na5 7. Bg5 Be7 8. Bxe7 Qxe7 9. Nd5 Qd8 10. c3 Nxc4 11. Qa4+ Bd7 12. Qxc4 Be6 13. Qb5+ Bd7 14. Qb3 Bc6 15. Ne3 0-0 16. 0-0 Qf6 17. Nh2 Bd7 18. f3 Qg6 19. Nd5 Bxh3 20. Ne7+ Kh8 21. Nxg6+ fxg6 22. gxh3 g5 23. Ng4 Nxg4 24. hxg4 Rf6 25. Rf2 Raf8 26. Raf1 Rh6 27. Kg2 Rhf6 28. Qxb7 Rh6 29. Qc8 Rhf6 30. Qxf8+ 1-0